000
00395nam a2200145Ia 4500
008
100122s9999 xx 000 0 und d
082
_b
62226
_a
823.08
100
_a
भावे पु भा
245
_a
सार्थक
260
_b
प्रतिमा प्रकाशन
_c
2002
300
_a
157
630
_a
सार्थक
730
_a
सार्थक
942
_c
BOOK
999
_c
436615
_d
436612